=LDR 00000nam 2200000 4500 =001 INLIS000000000008894 =005 20201117075617 =035 ##$$a 0010-061300000008894 =008 201117################g##########0#ind## =041 ##$$a Ind =082 ##$$a 324.202 =090 ##$$a 324.202, Pro a =100 1#$$a Proletariyati, Ribka Ciptaning =245 1#$$a Aku bangga jadi anak PKI /$c dr. Ribka Tjiptaning Proletariyati =260 ##$$a Jakarta :$b Cipta Lestari,$c 2002 =300 ##$$a xiv, 198 hlm. : $b Ilus ; $c 14,5x20 cm. =650 #4$$a Partai Politik =850 ##$$a NBPNMAT =020 ##$$a 979-97174-0-X =084 ##$$a 324.202 PRO a =990 ##$$a DW00028836 =990 ##$$a DW00028837 =990 ##$$a DW00028838 =990 ##$$a 00046176 =990 ##$$a 12101210 =990 ##$$a 172.160 pro.2002